第五人格全角色(更新至20250123)Characters in IDV( updated on 2025JAN23) - Statistics

General Stats
  • This quiz has been taken 13 times
  • The average score is 56 of 157
Answer Stats
技能/初始道具 职业 % Correct
魔术棒 魔术师
100%
幸运儿
90%
镇静剂 医生
90%
护肘 佣兵
90%
信号枪 空军
90%
遥控器 机械师
90%
橄榄球 前锋
90%
盲杖 盲女
90%
门之钥 祭司
90%
忘忧之香 调香师
90%
长鞭 牛仔
90%
八音盒 舞女
90%
役鸟 先知
90%
咒像 咒术师
90%
野性伙伴 野人
90%
地图 律师
80%
手电筒 “慈善家”
80%
工具箱 园丁
80%
化妆箱 入殓师
80%
磁铁 勘探员
80%
信件 邮差
80%
捕虫网 昆虫学者
80%
画笔、画板 画家
80%
傀儡 厂长
80%
火箭冲刺 小丑
80%
雾刃 “杰克”
80%
结网 蜘蛛
80%
刹那生灭 红蝶
80%
游记绘本 冒险家
70%
怀表 大副
70%
多夫林酒 调酒师
70%
线路控制(系鞋带) “囚徒”
70%
钩爪 病患
70%
指令口哨 “心理学家”
70%
相机 记者
70%
飞行器 飞行家
70%
花球 拉拉队员
70%
链爪 鹿头
70%
触手 黄衣之主
70%
镇魂伞 宿伞之魂
70%
水镜 红夫人
70%
爆弹 杂技演员
60%
铁铲 守墓人
60%
板球 击球手
60%
玩具箱 玩具商
60%
回忆碎片 “小女孩”
60%
火箭 哭泣小丑
60%
鳞片 教授
60%
相机 摄影师
60%
控制台 疯眼
60%
信徒 梦之女巫
60%
小提琴 小提琴家
60%
蜡油 蜡像师
60%
笔记本 小说家
50%
机关箫 古董商
50%
安息松 爱哭鬼
50%
雕像 雕刻家
50%
轮刑 破轮
50%
鱼叉 渔女
50%
杰克
50%
炸弹 26号守卫
50%
音叉 作曲家
40%
人偶 木偶师
40%
气囊 火灾调查员
40%
香薰手杖 “法罗女士”
40%
天气瓶 气象学家
40%
坠击 孽蜥
40%
“使徒”
40%
记录 “记录员”
40%
风行 守夜人
40%
影域 歌剧演员
40%
矿镐 “愚人金”
40%
牢笼 “跛脚羊”
40%
头盔 “骑士”
30%
动能冲击 “博士”
30%
电荷 隐士
30%
伊斯人 时空之影
30%
空中飞人 “喧嚣”
30%
里奥
30%
瓦尔莱塔
30%
美智子
30%
约瑟夫
30%
艾米丽·黛儿
20%
艾玛·伍兹
20%
奈布·萨贝达
20%
裘克
20%
邦邦
20%
20%
飞掠(日墙) “噩梦”
10%
弗雷迪·莱利
10%
克利切·皮尔森
10%
玛尔塔·贝塔菲尔
10%
特蕾西·列兹尼克
10%
海伦娜·亚当斯
10%
安德鲁·克雷斯
10%
梅莉·普林尼
10%
艾格·瓦尔登
10%
甘吉·古普塔
10%
安妮·莱斯特
10%
埃米尔
10%
艾达·梅斯默
10%
“奥尔菲斯”
10%
“回忆”
10%
戚十一
10%
班恩
10%
哈斯塔
10%
谢必安
10%
巴尔克
10%
罗比
10%
玛丽
10%
安东尼奥
10%
“奥尔菲斯”
10%
伊塔库亚
10%
桑格莉娅
10%
艾维
10%
范无咎
10%
推演替身
0%
瑟维·勒·罗伊
0%
库特·弗兰克
0%
威廉·艾利斯
0%
菲欧娜·吉尔曼
0%
薇拉·奈尔
0%
凯文·阿尤索
0%
玛格丽莎·泽莱
0%
伊莱·克拉克
0%
伊索·卡尔
0%
诺顿·坎贝尔
0%
帕缇夏·多里瓦尔
0%
穆罗
0%
麦克·莫顿
0%
何塞·巴登
0%
黛米·波本
0%
维克多·葛兰兹
0%
卢卡·巴尔萨
0%
裘克
0%
卢基诺·迪鲁西
0%
弗雷德里克·克雷伯格
0%
爱丽丝·德罗斯
0%
查尔斯·霍尔特
0%
莉莉·巴利尔
0%
马蒂亚斯·切尔宁
0%
弗洛里安·布兰德
0%
伊芙琳·莫雷
0%
理查德·斯特林
0%
温迪·福特
0%
伊德海拉
0%
卢基诺
0%
伽拉泰亚
0%
珀西
0%
威尔三兄弟
0%
格蕾丝
0%
菲利普
0%
柯根
0%
阿尔瓦·洛伦兹
0%
诺顿·坎贝尔
0%
杰弗里·博纳雅塔
0%
麦克·莫顿
0%
No matching quizzes found
Score Distribution
Percent of People with Each Score
Percentile by Number Answered
Your Score History
You have not taken this quiz